[Event "DEN-chT 0607"]
[Site "Denmark"]
[Date "2007.01.14"]
[Round "5.1"]
[White "Hillarp Persson, Tiger"]
[Black "Ost Hansen, Jacob"]
[Result "1-0"]
[WhiteElo "2550"]
[BlackElo "2439"]
[PlyCount "81"]
[EventDate "2006.11.04"]
[EventType "team"]
[EventRounds "9"]
[EventCountry "DEN"]
[Source "ChessBase"]
[SourceDate "2007.02.01"]
[WhiteTeam "Bronshoj"]
[BlackTeam "K41"]
[WhiteTeamCountry "DEN"]
[BlackTeamCountry "DEN"]

1. d4 Nf6 2. c4 c5 3. d5 e5 4. Nc3 d6 5. e4 Be7 6. g3 O-O 7. Bg2 Nbd7 8. Nge2
Ne8 9. O-O a6 10. Be3 g6 11. Rb1 Ng7 12. b4 b6 13. Nc1 f5 14. Nd3 Bf6 15. Qd2
Nh5 16. Qe2 f4 17. Bd2 Bg5 18. Be1 Ndf6 19. f3 Nd7 20. Bh3 Ra7 21. bxc5 bxc5
22. Be6+ Kh8 23. g4 Ng7 24. Bxd7 Bxd7 25. h3 h5 26. Qg2 Kh7 27. Kf2 Rh8 28. Ke2
Kg8 29. Rh1 hxg4 30. hxg4 Ne8 31. Rxh8+ Kxh8 32. Bf2 Kg7 33. Qh2 Nf6 34. Rh1
Ra8 35. Bh4 Nh7 36. Be1 Nf6 37. Nf2 Rb8 38. Kd3 Rb2 39. Bd2 Qe7 40. Qh8+ Kf7
41. Nh3 1-0

[Event "DEN-chT 0607"]
[Site "Denmark"]
[Date "2007.01.14"]
[Round "5.2"]
[White "Lund, Silas"]
[Black "Hoi, Carsten"]
[Result "1-0"]
[WhiteElo "2329"]
[BlackElo "2425"]
[PlyCount "95"]
[EventDate "2006.11.04"]
[EventType "team"]
[EventRounds "9"]
[EventCountry "DEN"]
[Source "ChessBase"]
[SourceDate "2007.02.01"]
[WhiteTeam "K41"]
[BlackTeam "Bronshoj"]
[WhiteTeamCountry "DEN"]
[BlackTeamCountry "DEN"]

1. d4 Nf6 2. c4 g6 3. Nc3 Bg7 4. e4 d6 5. Be2 O-O 6. Nf3 e5 7. O-O Nc6 8. d5
Ne7 9. Ne1 c6 10. Be3 Ne8 11. Rc1 f5 12. f3 c5 13. Nd3 f4 14. Bf2 g5 15. b4 b6
16. bxc5 bxc5 17. Nxc5 dxc5 18. Bxc5 Ng6 19. Bf2 g4 20. fxg4 Qg5 21. d6 Nf6 22.
Bf3 Bxg4 23. c5 Rad8 24. Nb5 Kh8 25. Qe2 Rb8 26. Rb1 a6 27. Nc3 Bd7 28. Qxa6
Ra8 29. Qe2 Ng4 30. Nd5 Ra3 31. Rb3 Rxb3 32. axb3 Ne3 33. Nxe3 fxe3 34. Bxe3
Nf4 35. Qd2 Rb8 36. b4 h5 37. Kh1 h4 38. Rc1 Rc8 39. h3 Qf6 40. Bxf4 exf4 41.
e5 Qxe5 42. c6 Qe3 43. Qxe3 fxe3 44. b5 Bd4 45. Rc4 Bb6 46. Rxh4+ Kg7 47. cxd7
Rc2 48. Ra4 1-0

[Event "DEN-chT 0607"]
[Site "Denmark"]
[Date "2007.01.14"]
[Round "5.3"]
[White "Pilgaard, Kim"]
[Black "Schmidt, Kristen"]
[Result "1-0"]
[WhiteElo "2420"]
[BlackElo "2322"]
[PlyCount "63"]
[EventDate "2006.11.04"]
[EventType "team"]
[EventRounds "9"]
[EventCountry "DEN"]
[Source "ChessBase"]
[SourceDate "2007.02.01"]
[WhiteTeam "Bronshoj"]
[BlackTeam "K41"]
[WhiteTeamCountry "DEN"]
[BlackTeamCountry "DEN"]

1. e4 c5 2. Nf3 e6 3. d4 cxd4 4. Nxd4 Nf6 5. Nc3 Nc6 6. Ndb5 d6 7. Bf4 e5 8.
Bg5 a6 9. Na3 b5 10. Bxf6 gxf6 11. Nd5 f5 12. c3 Bg7 13. exf5 Bxf5 14. Nc2 O-O
15. Nce3 Be4 16. Bd3 Bxd5 17. Nxd5 f5 18. O-O Ne7 19. Nxe7+ Qxe7 20. Bxf5 Rab8
21. Qh5 h6 22. Qg6 Rf6 23. Qh7+ Kf8 24. Rad1 Qf7 25. Bb1 b4 26. cxb4 Rxb4 27.
Rc1 Qd7 28. Be4 Rd4 29. Rfd1 Qa4 30. Rc8+ Kf7 31. Qg8+ Ke7 32. Rc7+ 1-0

[Event "DEN-chT 0607"]
[Site "Denmark"]
[Date "2007.01.14"]
[Round "5.4"]
[White "Greger, Roland Reinhard"]
[Black "Bromann, Thorbjorn"]
[Result "1/2-1/2"]
[WhiteElo "2332"]
[BlackElo "2387"]
[PlyCount "49"]
[EventDate "2006.11.04"]
[EventType "team"]
[EventRounds "9"]
[EventCountry "DEN"]
[Source "ChessBase"]
[SourceDate "2007.02.01"]
[WhiteTeam "K41"]
[BlackTeam "Bronshoj"]
[WhiteTeamCountry "DEN"]
[BlackTeamCountry "DEN"]

1. e4 g6 2. d4 Bg7 3. Nc3 d6 4. Nf3 a6 5. a4 b6 6. Bd3 Nd7 7. O-O e6 8. Bg5 Ne7
9. Qd2 h6 10. Be3 Bb7 11. Ne2 Nf6 12. Ng3 Ng4 13. c3 O-O 14. h3 Nxe3 15. Qxe3
Qd7 16. Rfe1 e5 17. dxe5 dxe5 18. Bc2 Rad8 19. a5 Nc8 20. h4 b5 21. h5 Nd6 22.
Rad1 Kh7 23. Bb3 Qc8 24. Qc5 Rfe8 25. Bd5 1/2-1/2

[Event "DEN-chT 0607"]
[Site "Denmark"]
[Date "2007.01.14"]
[Round "5.5"]
[White "Brinck Claussen, Bjorn"]
[Black "Larsen, Karsten"]
[Result "1/2-1/2"]
[WhiteElo "2320"]
[BlackElo "2294"]
[PlyCount "116"]
[EventDate "2006.11.04"]
[EventType "team"]
[EventRounds "9"]
[EventCountry "DEN"]
[Source "ChessBase"]
[SourceDate "2007.02.01"]
[WhiteTeam "Bronshoj"]
[BlackTeam "K41"]
[WhiteTeamCountry "DEN"]
[BlackTeamCountry "DEN"]

1. e4 e5 2. Nf3 Nc6 3. Bb5 a6 4. Ba4 Nf6 5. O-O b5 6. Bb3 Bc5 7. c3 d6 8. a4
Rb8 9. d4 Bb6 10. Na3 O-O 11. axb5 axb5 12. Nxb5 exd4 13. cxd4 Bg4 14. Bc2 Re8
15. d5 Ne5 16. Kh1 Nxf3 17. gxf3 Bh3 18. Re1 Bxf2 19. Re2 Bc5 20. Nd4 Ra8 21.
Rxa8 Qxa8 22. Be3 Qa6 23. Bd3 Qb6 24. Qg1 Ra8 25. Nb5 Bxe3 26. Rxe3 Bd7 27. Re2
Qxg1+ 28. Kxg1 Bxb5 29. Bxb5 Rb8 30. Ba4 Nh5 31. Rc2 Rb7 32. Kf2 g5 33. Ke3 Kg7
34. b3 Kf6 35. Kd4 Nf4 36. Rc6 Ng6 37. Ra6 Ne5 38. Ke3 Ng6 39. Ra8 h5 40. Rc8
Ra7 41. Kd4 Ne5 42. Ke3 Ng6 43. Kd4 Rb7 44. Ra8 Ne5 45. Ke3 h4 46. Ke2 Rb4 47.
Ke3 h3 48. Ra7 g4 49. fxg4 Nxg4+ 50. Kf4 Nxh2 51. Rxc7 Nf1 52. Be8 h2 53. Rxf7+
Kg6 54. Rf5+ Kg7 55. Rh5 Rxb3 56. Bd7 Rb2 57. Bg4 Rf2+ 58. Bf3 Kg6 1/2-1/2

[Event "DEN-chT 0607"]
[Site "Denmark"]
[Date "2007.01.14"]
[Round "5.6"]
[White "Olesen, Martin"]
[Black "Carstensen, Jacob"]
[Result "0-1"]
[WhiteElo "2272"]
[BlackElo "2277"]
[PlyCount "60"]
[EventDate "2006.11.04"]
[EventType "team"]
[EventRounds "9"]
[EventCountry "DEN"]
[Source "ChessBase"]
[SourceDate "2007.02.01"]
[WhiteTeam "K41"]
[BlackTeam "Bronshoj"]
[WhiteTeamCountry "DEN"]
[BlackTeamCountry "DEN"]

1. e4 c5 2. Nc3 d6 3. g3 g6 4. Bg2 Bg7 5. d3 Nc6 6. Be3 e5 7. Qd2 Be6 8. f4 Qd7
9. Nf3 Nge7 10. O-O Nd4 11. Rf2 Nxf3+ 12. Rxf3 h5 13. fxe5 Bxe5 14. Bg5 O-O-O
15. Raf1 Rdf8 16. Bf6 Bxf6 17. Rxf6 h4 18. Nd5 hxg3 19. hxg3 Bxd5 20. exd5 Nf5
21. g4 Qe7 22. Qg5 Qe5 23. gxf5 Rh5 24. Qg4 Qh2+ 25. Kf2 Rh4 26. Qg5 Rf4+ 27.
Ke1 Re8+ 28. Kd1 Rxf1+ 29. Bxf1 Qf2 30. fxg6 Re1# 0-1

[Event "DEN-chT 0607"]
[Site "Denmark"]
[Date "2007.01.14"]
[Round "5.7"]
[White "Palm, Nikolaj"]
[Black "Semcesen, Daniel"]
[Result "1/2-1/2"]
[WhiteElo "2268"]
[BlackElo "2286"]
[PlyCount "128"]
[EventDate "2006.11.04"]
[EventType "team"]
[EventRounds "9"]
[EventCountry "DEN"]
[Source "ChessBase"]
[SourceDate "2007.02.01"]
[WhiteTeam "Bronshoj"]
[BlackTeam "K41"]
[WhiteTeamCountry "DEN"]
[BlackTeamCountry "DEN"]

1. d4 d5 2. Nf3 Nf6 3. c4 c6 4. cxd5 cxd5 5. Nc3 a6 6. Bf4 Nc6 7. Rc1 Bf5 8. e3
e6 9. Qb3 Ra7 10. Be2 Be7 11. O-O O-O 12. Na4 Nd7 13. a3 Na5 14. Qa2 b5 15. Nc5
Qb6 16. Rc3 Nc4 17. b3 Nxa3 18. Qxa3 b4 19. Nxd7 Rxd7 20. Qa4 bxc3 21. Qxd7 Ba3
22. Qa4 Bb2 23. Qa2 a5 24. Ne1 a4 25. bxa4 c2 26. Nxc2 Bxc2 27. a5 Qb4 28. a6
Ra8 29. a7 g5 30. Bb8 Rxb8 31. axb8=Q+ Qxb8 32. Qa5 Bg6 33. Qb5 Qxb5 34. Bxb5
Kg7 35. f3 f5 36. Rb1 Ba3 37. Bd3 Kf6 38. Kf2 Bd6 39. h3 Bf7 40. Rb3 Ke7 41.
Rb7+ Kf6 42. g4 fxg4 43. fxg4 h5 44. gxh5 Bxh5 45. Be2 Bf7 46. Bg4 Bf8 47. Rb6
Ke7 48. Ke2 Bg7 49. Kd2 e5 50. Rb7+ Kf8 51. Kc3 exd4+ 52. exd4 Bf6 53. Bf5 Ke8
54. Kd3 Kf8 55. Ke3 Ke8 56. Bg4 Kf8 57. Rb5 Ke7 58. Bf3 Be6 59. Rb7+ Ke8 60.
Bh5+ Kf8 61. Rb8+ Ke7 62. Re8+ Kd7 63. Rf8 Ke7 64. Re8+ Kd7 1/2-1/2

[Event "DEN-chT 0607"]
[Site "Denmark"]
[Date "2007.01.14"]
[Round "5.8"]
[White "Naes, Flovin Tor"]
[Black "Aabling Thomsen, Jakob"]
[Result "0-1"]
[WhiteElo "2227"]
[BlackElo "2235"]
[PlyCount "58"]
[EventDate "2006.11.04"]
[EventType "team"]
[EventRounds "9"]
[EventCountry "DEN"]
[Source "ChessBase"]
[SourceDate "2007.02.01"]
[WhiteTeam "K41"]
[BlackTeam "Bronshoj"]
[WhiteTeamCountry "DEN"]
[BlackTeamCountry "DEN"]

1. c4 e5 2. g3 Nc6 3. Bg2 Nf6 4. Nc3 Bb4 5. a3 Bxc3 6. bxc3 O-O 7. e4 d6 8. d3
Ne8 9. Ne2 f5 10. O-O fxe4 11. Bxe4 Bh3 12. Bg2 Qd7 13. Qb3 Bxg2 14. Kxg2 Qf5
15. c5+ Kh8 16. cxd6 Nxd6 17. Qd1 Qf3+ 18. Kg1 Rad8 19. Bg5 Ne4 20. Bxd8 Nxf2
21. Nf4 Qh1+ 22. Kxf2 Qxh2+ 23. Ke1 exf4 24. Qd2 Qxg3+ 25. Kd1 Rxd8 26. Rxf4 g5
27. Re4 Rxd3 28. Kc2 Rxd2+ 29. Kxd2 Ne5 0-1

[Event "DEN-chT 0607"]
[Site "Denmark"]
[Date "2007.01.14"]
[Round "5.1"]
[White "Matthiesen, Martin"]
[Black "Glud, Jakob Vang"]
[Result "1/2-1/2"]
[WhiteElo "2342"]
[BlackElo "2429"]
[PlyCount "31"]
[EventDate "2006.11.04"]
[EventType "team"]
[EventRounds "9"]
[EventCountry "DEN"]
[Source "ChessBase"]
[SourceDate "2007.02.01"]
[WhiteTeam "SK 1968"]
[BlackTeam "Jetsmark"]
[WhiteTeamCountry "DEN"]
[BlackTeamCountry "DEN"]

1. d4 d5 2. c4 c6 3. Nf3 Nf6 4. e3 a6 5. Nc3 Bf5 6. Bd3 Bxd3 7. Qxd3 e6 8. O-O
Nbd7 9. e4 dxe4 10. Nxe4 Nxe4 11. Qxe4 Nf6 12. Qh4 Be7 13. Qg3 O-O 14. Bh6 Ne8
15. Rfd1 Bd6 16. Bf4 1/2-1/2

[Event "DEN-chT 0607"]
[Site "Denmark"]
[Date "2007.01.14"]
[Round "5.2"]
[White "Rasmussen, Allan Stig"]
[Black "Matthiesen, Arne"]
[Result "1-0"]
[WhiteElo "2398"]
[BlackElo "2338"]
[PlyCount "67"]
[EventDate "2006.11.04"]
[EventType "team"]
[EventRounds "9"]
[EventCountry "DEN"]
[Source "ChessBase"]
[SourceDate "2007.02.01"]
[WhiteTeam "Jetsmark"]
[BlackTeam "SK 1968"]
[WhiteTeamCountry "DEN"]
[BlackTeamCountry "DEN"]

1. e4 e6 2. d3 d5 3. Nd2 c5 4. f4 Nc6 5. Ngf3 g6 6. c3 Bg7 7. Be2 Nge7 8. O-O
O-O 9. Qe1 d4 10. e5 dxc3 11. bxc3 b6 12. Ng5 Nd5 13. Nde4 h6 14. Nh3 Bb7 15.
Bd2 f5 16. exf6 Nxf6 17. Nxf6+ Rxf6 18. Nf2 Ne7 19. Ng4 Rf7 20. Qg3 Nf5 21. Qh3
Qd5 22. Rf2 b5 23. Bd1 Rd8 24. Bc2 Rd6 25. Ne5 Bxe5 26. fxe5 Qxe5 27. Re1 Qd5
28. Bf4 Rdd7 29. c4 Qc6 30. cxb5 Qxb5 31. Rxe6 Kh7 32. g4 Qb2 33. gxf5 Qa1+ 34.
Rf1 1-0

[Event "DEN-chT 0607"]
[Site "Denmark"]
[Date "2007.01.14"]
[Round "5.3"]
[White "Sobjerg, Erik"]
[Black "Fries Nielsen, Jens Ove"]
[Result "0-1"]
[WhiteElo "2315"]
[BlackElo "2405"]
[PlyCount "76"]
[EventDate "2006.11.04"]
[EventType "team"]
[EventRounds "9"]
[EventCountry "DEN"]
[Source "ChessBase"]
[SourceDate "2007.02.01"]
[WhiteTeam "SK 1968"]
[BlackTeam "Jetsmark"]
[WhiteTeamCountry "DEN"]
[BlackTeamCountry "DEN"]

1. e4 d5 2. exd5 Qxd5 3. Nf3 Nf6 4. d4 e6 5. Be2 Be7 6. O-O O-O 7. Bf4 Qd8 8.
Nbd2 b6 9. c3 Bb7 10. Re1 Nbd7 11. Nc4 Nd5 12. Bg3 N7f6 13. Nfe5 Ne4 14. Bf3
Nxg3 15. hxg3 c5 16. Ne3 Nxe3 17. fxe3 Qc7 18. a4 Bxf3 19. Qxf3 Bd6 20. a5 bxa5
21. Nc4 Bxg3 22. Rec1 Rab8 23. Rxa5 cxd4 24. cxd4 Bh2+ 25. Kh1 Bd6 26. Ra6 Rb6
27. Raa1 Rb5 28. Nxd6 Qxd6 29. Rxa7 g6 30. Rc5 Rxb2 31. Ra1 Qe7 32. Qe4 Qf6 33.
Rac1 Rfb8 34. Qe5 Qh4+ 35. Qh2 Qe4 36. Rc8+ Rxc8 37. Rxc8+ Kg7 38. Qg3 Rb3 0-1

[Event "DEN-chT 0607"]
[Site "Denmark"]
[Date "2007.01.14"]
[Round "5.4"]
[White "Christensen, Stefan"]
[Black "Bank, Pelle Rodkjaer"]
[Result "1-0"]
[WhiteElo "2272"]
[BlackElo "2260"]
[PlyCount "87"]
[EventDate "2006.11.04"]
[EventType "team"]
[EventRounds "9"]
[EventCountry "DEN"]
[Source "ChessBase"]
[SourceDate "2007.02.01"]
[WhiteTeam "Jetsmark"]
[BlackTeam "SK 1968"]
[WhiteTeamCountry "DEN"]
[BlackTeamCountry "DEN"]

1. e4 c6 2. d4 d5 3. Nc3 g6 4. h3 Bg7 5. Nf3 Nh6 6. Bd3 O-O 7. O-O f6 8. Re1
Nf7 9. e5 fxe5 10. dxe5 e6 11. h4 c5 12. Bf4 Nc6 13. Qd2 c4 14. Bf1 h6 15. Nb5
g5 16. hxg5 hxg5 17. Bxg5 Qb6 18. a4 Nfxe5 19. Nxe5 Nxe5 20. Qe3 Qxe3 21. Bxe3
Nc6 22. Bc5 Rf5 23. Nc7 Rb8 24. Nxe6 Bxe6 25. Rxe6 Bxb2 26. Rd1 Rd8 27. g3 Kf7
28. Rh6 Bg7 29. Rh4 b6 30. Be3 Kg6 31. Bh3 Rh5 32. Rxh5 Kxh5 33. Be6 Nb4 34.
Bf5 d4 35. Bf4 Rd5 36. g4+ Kh4 37. Kg2 Rxf5 38. gxf5 Kg4 39. Bb8 a6 40. Ba7 Nd5
41. a5 Nc3 42. axb6 Nxd1 43. b7 Be5 44. Bxd4 1-0

[Event "DEN-chT 0607"]
[Site "Denmark"]
[Date "2007.01.14"]
[Round "5.5"]
[White "Hansen, Lars"]
[Black "Jensen, Bjarke"]
[Result "0-1"]
[WhiteElo "2217"]
[BlackElo "2257"]
[PlyCount "60"]
[EventDate "2006.11.04"]
[EventType "team"]
[EventRounds "9"]
[EventCountry "DEN"]
[Source "ChessBase"]
[SourceDate "2007.02.01"]
[WhiteTeam "SK 1968"]
[BlackTeam "Jetsmark"]
[WhiteTeamCountry "DEN"]
[BlackTeamCountry "DEN"]

1. e4 g6 2. d4 Bg7 3. Nc3 d6 4. Be3 c6 5. Qd2 b5 6. Nf3 a6 7. O-O-O Nd7 8. h4
h5 9. e5 b4 10. Ne4 Qa5 11. a3 Rb8 12. exd6 e6 13. Ne5 Qd5 14. c4 bxc3 15. Nxc3
Qxd6 16. Nc4 Qe7 17. Ne4 Bh6 18. Bg5 f6 19. Bxh6 Nxh6 20. Ncd6+ Kf8 21. Nxc8
Rxc8 22. Bxa6 Rd8 23. f3 Kg7 24. Qc3 Nf5 25. Rd2 Nb6 26. Re1 Nd5 27. Qxc6 Nxh4
28. Nc5 Rd6 29. Nxe6+ Kh6 30. Qc4 Nf5 0-1

[Event "DEN-chT 0607"]
[Site "Denmark"]
[Date "2007.01.14"]
[Round "5.6"]
[White "Rasmussen, Henning Lau"]
[Black "Hansen, Bjarne"]
[Result "1/2-1/2"]
[WhiteElo "2119"]
[BlackElo "2241"]
[PlyCount "114"]
[EventDate "2006.11.04"]
[EventType "team"]
[EventRounds "9"]
[EventCountry "DEN"]
[Source "ChessBase"]
[SourceDate "2007.02.01"]
[WhiteTeam "Jetsmark"]
[BlackTeam "SK 1968"]
[WhiteTeamCountry "DEN"]
[BlackTeamCountry "DEN"]

1. d4 Nf6 2. Nf3 c5 3. e3 e6 4. Bd3 b6 5. O-O Bb7 6. c4 Be7 7. Nc3 Nc6 8. d5
Nb4 9. Bb1 exd5 10. a3 Na6 11. cxd5 d6 12. e4 O-O 13. Bf4 Nc7 14. a4 a6 15. Bd3
Qd7 16. Re1 b5 17. h3 Kh8 18. Qe2 c4 19. Bc2 Rac8 20. Nd4 b4 21. Nd1 a5 22. Ne3
Ba6 23. Qf3 Ng8 24. Nef5 Ne8 25. Nxe7 Nxe7 26. Be3 Nf6 27. Bg5 Nfg8 28. Be3 Bb7
29. Qg3 c3 30. bxc3 Rxc3 31. Rec1 Rfc8 32. Bb3 Nf6 33. Qf3 Ng6 34. g4 Qe8 35.
Rxc3 Rxc3 36. Bc2 Ne5 37. Qg2 Nc4 38. Bf4 Qd8 39. Bd1 Ra3 40. Rc1 Ba6 41. Bg5
Qe7 42. Be2 Rc3 43. Rxc3 bxc3 44. Qf1 Nd2 45. Bxd2 cxd2 46. Bxa6 Qxe4 47. Nf5
Nxd5 48. Qe2 Qb1+ 49. Kh2 Qe1 50. Ne3 Nxe3 51. Qf3 h6 52. Bd3 g6 53. Qxf7 Nxg4+
54. hxg4 Qe5+ 55. f4 d1=Q 56. fxe5 Qd2+ 57. Kg1 Qe3+ 1/2-1/2

[Event "DEN-chT 0607"]
[Site "Denmark"]
[Date "2007.01.14"]
[Round "5.7"]
[White "Christensen, Thomas"]
[Black "Grubert, Christian"]
[Result "1-0"]
[WhiteElo "2271"]
[BlackElo "2020"]
[PlyCount "91"]
[EventDate "2006.11.04"]
[EventType "team"]
[EventRounds "9"]
[EventCountry "DEN"]
[Source "ChessBase"]
[SourceDate "2007.02.01"]
[WhiteTeam "SK 1968"]
[BlackTeam "Jetsmark"]
[WhiteTeamCountry "DEN"]
[BlackTeamCountry "DEN"]

1. d4 f5 2. g3 Nf6 3. Bg2 e6 4. Nf3 Be7 5. O-O O-O 6. c4 Ne4 7. Nbd2 d5 8. Qc2
c6 9. Ne5 Nd7 10. Nd3 Bf6 11. Nf3 Qe7 12. b3 b6 13. cxd5 cxd5 14. Qc6 Rb8 15.
Bb2 Rb7 16. Rfc1 h6 17. a4 Nb8 18. Qc2 Qd8 19. Ba3 Be7 20. Bxe7 Qxe7 21. Nfe5
Re8 22. Ng6 Qd8 23. Nde5 Bd7 24. Bxe4 fxe4 25. Qd2 Na6 26. b4 b5 27. a5 Qg5 28.
Qb2 Rd8 29. h4 Qf6 30. Nf4 Qe7 31. Nc6 Bxc6 32. Rxc6 Qxb4 33. Qc2 Nb8 34. Rc8
Qf8 35. Rxd8 Qxd8 36. Nxe6 Qe8 37. Nc5 Rc7 38. Qb3 e3 39. Qxd5+ Kh8 40. f4 Nc6
41. Ne6 Rc8 42. f5 a6 43. Rf1 Qe7 44. Rc1 Qe8 45. Rc3 Nxa5 46. Qe5 1-0

[Event "DEN-chT 0607"]
[Site "Denmark"]
[Date "2007.01.14"]
[Round "5.8"]
[White "Clausen, Tommy"]
[Black "Alkaersig, Ole"]
[Result "1/2-1/2"]
[WhiteElo "1934"]
[BlackElo "2194"]
[PlyCount "49"]
[EventDate "2006.11.04"]
[EventType "team"]
[EventRounds "9"]
[EventCountry "DEN"]
[Source "ChessBase"]
[SourceDate "2007.02.01"]
[WhiteTeam "Jetsmark"]
[BlackTeam "SK 1968"]
[WhiteTeamCountry "DEN"]
[BlackTeamCountry "DEN"]

1. d4 d5 2. c4 e6 3. Nf3 c5 4. cxd5 exd5 5. Nc3 Nc6 6. Bg5 Be7 7. Bxe7 Ngxe7 8.
e3 c4 9. Be2 O-O 10. O-O Bf5 11. Ne5 Qd6 12. Nxc6 Qxc6 13. a4 Qb6 14. Qd2 a5
15. Nb5 Rad8 16. Qc3 Nc6 17. b3 cxb3 18. Qxb3 Nb4 19. Rac1 Rc8 20. Rc3 Rxc3 21.
Nxc3 Bc2 22. Qb2 Rc8 23. Rc1 Qc6 24. Nb5 Qe6 25. Qa3 1/2-1/2

[Event "DEN-chT 0607"]
[Site "Denmark"]
[Date "2007.01.28"]
[Round "6.1"]
[White "Nielsen, Tommy"]
[Black "Matthiesen, Martin"]
[Result "1/2-1/2"]
[WhiteElo "2187"]
[BlackElo "2342"]
[PlyCount "125"]
[EventDate "2006.11.04"]
[EventType "team"]
[EventRounds "9"]
[EventCountry "DEN"]
[Source "ChessBase"]
[SourceDate "2007.02.01"]
[WhiteTeam "Norresundby"]
[BlackTeam "SK 1968"]
[WhiteTeamCountry "DEN"]
[BlackTeamCountry "DEN"]

1. e4 g6 2. d4 Bg7 3. Nc3 d6 4. Nf3 a6 5. Be3 b5 6. a4 b4 7. Nd5 Bb7 8. Nxb4
Bxe4 9. Bd3 Bb7 10. c3 Nf6 11. O-O O-O 12. h3 Nbd7 13. Be2 a5 14. Nd3 e6 15.
Qc1 Qe7 16. Bh6 Rfc8 17. Bxg7 Kxg7 18. b4 Nd5 19. bxa5 c5 20. c4 N5f6 21. dxc5
Nxc5 22. Qc3 Nxd3 23. Qxd3 Rxa5 24. Rfd1 d5 25. cxd5 Nxd5 26. Qd4+ Qf6 27. Rdb1
Ba8 28. Qxf6+ Kxf6 29. Kf1 Nf4 30. Bd1 Bc6 31. Rc1 e5 32. g3 Nxh3 33. Nd2 Ng5
34. f4 exf4 35. gxf4 Ne6 36. Bg4 h5 37. Bxe6 Kxe6 38. Nb3 Rd5 39. a5 Bb5+ 40.
Kf2 Rxc1 41. Rxc1 Kd6 42. Rc8 Rd3 43. Rd8+ Ke7 44. Rxd3 Bxd3 45. Nc5 Bb5 46. a6
Bc6 47. Nd3 f6 48. Kg3 Ke6 49. Nb4 Be4 50. a7 Kf5 51. Nd3 Bc6 52. Nb4 Ba8 53.
Na6 h4+ 54. Kxh4 Kxf4 55. Nc7 g5+ 56. Kh3 Bb7 57. Kh2 Kf3 58. Kg1 f5 59. a8=Q
Bxa8 60. Nxa8 Ke2 61. Nc7 g4 62. Ne6 Ke3 63. Kg2 1/2-1/2

[Event "DEN-chT 0607"]
[Site "Denmark"]
[Date "2007.01.28"]
[Round "6.2"]
[White "Matthiesen, Arne"]
[Black "Willumsen, Niels Henrik"]
[Result "1/2-1/2"]
[WhiteElo "2338"]
[BlackElo "2138"]
[PlyCount "65"]
[EventDate "2006.11.04"]
[EventType "team"]
[EventRounds "9"]
[EventCountry "DEN"]
[Source "ChessBase"]
[SourceDate "2007.02.01"]
[WhiteTeam "SK 1968"]
[BlackTeam "Norresundby"]
[WhiteTeamCountry "DEN"]
[BlackTeamCountry "DEN"]

1. d4 Nf6 2. Nf3 g6 3. c4 Bg7 4. Nc3 O-O 5. g3 d6 6. Bg2 Nbd7 7. O-O e5 8. e4
c6 9. h3 Qb6 10. d5 cxd5 11. cxd5 Nc5 12. Qe2 Bd7 13. Be3 Rac8 14. Rab1 a5 15.
Nd2 Qa6 16. Qxa6 bxa6 17. Bxc5 Rxc5 18. Nb3 Rc7 19. Nxa5 Bh6 20. Rfd1 Rb8 21.
Bf1 Rb4 22. a3 Rd4 23. Bd3 Bxh3 24. Nb3 Bg4 25. Nxd4 exd4 26. Ne2 Nd7 27. Kg2
Ne5 28. Nxd4 Bxd1 29. Rxd1 Bc1 30. Bxa6 Bxb2 31. Nc6 Nxc6 32. dxc6 Rxc6 33. Bb5
1/2-1/2

[Event "DEN-chT 0607"]
[Site "Denmark"]
[Date "2007.01.28"]
[Round "6.3"]
[White "Jorgensen, Jorgen"]
[Black "Holst, Allan"]
[Result "1/2-1/2"]
[WhiteElo "2255"]
[BlackElo "2343"]
[PlyCount "65"]
[EventDate "2006.11.04"]
[EventType "team"]
[EventRounds "9"]
[EventCountry "DEN"]
[Source "ChessBase"]
[SourceDate "2007.02.01"]
[WhiteTeam "Norresundby"]
[BlackTeam "SK 1968"]
[WhiteTeamCountry "DEN"]
[BlackTeamCountry "DEN"]

1. d4 e6 2. c4 c5 3. d5 exd5 4. cxd5 d6 5. Nc3 Ne7 6. g3 Ng6 7. Bg2 Be7 8. Nf3
Nd7 9. O-O O-O 10. Nd2 Nf6 11. Nc4 Bd7 12. a4 Qc8 13. Bg5 Ne8 14. Bxe7 Nxe7 15.
e4 Ng6 16. f4 f6 17. Bf3 Qd8 18. Re1 b6 19. Qb3 Rb8 20. Nb5 a6 21. Nc3 b5 22.
axb5 axb5 23. Na5 c4 24. Qb4 Qb6+ 25. Kg2 Nc7 26. Nc6 Bxc6 27. dxc6 Qxc6 28. e5
Qc5 29. Qxc5 dxc5 30. exf6 gxf6 31. Ra7 Rf7 32. Nd5 Ne8 33. Ra6 1/2-1/2

[Event "DEN-chT 0607"]
[Site "Denmark"]
[Date "2007.01.28"]
[Round "6.4"]
[White "Sobjerg, Erik"]
[Black "Pedersen, Svend"]
[Result "1-0"]
[WhiteElo "2315"]
[BlackElo "2237"]
[PlyCount "90"]
[EventDate "2006.11.04"]
[EventType "team"]
[EventRounds "9"]
[EventCountry "DEN"]
[Source "ChessBase"]
[SourceDate "2007.02.01"]
[WhiteTeam "SK 1968"]
[BlackTeam "Norresundby"]
[WhiteTeamCountry "DEN"]
[BlackTeamCountry "DEN"]

1. e4 g6 2. d4 Bg7 3. Nc3 c6 4. f4 d5 5. e5 h5 6. Nf3 Nh6 7. Be3 Bg4 8. h3 Nf5
9. Bf2 Bxf3 10. Qxf3 h4 11. Bd3 e6 12. O-O Bf8 13. Ne2 Nd7 14. b3 Ba3 15. Rab1
a5 16. c4 Nb6 17. Rfd1 Bb4 18. c5 Nd7 19. a4 b6 20. cxb6 Qxb6 21. Rdc1 Rc8 22.
Rc2 Ke7 23. Qg4 Kf8 24. Kh2 Kg7 25. Ng1 Be7 26. Qd1 Qb4 27. Nf3 c5 28. Bb5 Nb6
29. Ba6 Rb8 30. dxc5 Qxf4+ 31. Kg1 Na8 32. Nd4 Ne3 33. Qd2 Bg5 34. Rc3 Qe4 35.
Bxe3 Qxb1+ 36. Kh2 Bxe3 37. Qxe3 Rb4 38. Bd3 Qb2 39. Bc2 Rh5 40. Bd1 Rg5 41.
Bg4 Nc7 42. Rd3 Qb1 43. Rd1 Rxg4 44. Rxb1 Rgxd4 45. Rf1 Na8 1-0

[Event "DEN-chT 0607"]
[Site "Denmark"]
[Date "2007.01.28"]
[Round "6.5"]
[White "Nielsen, John Bauneborg"]
[Black "Lindfeldt, Jan Magnus"]
[Result "0-1"]
[WhiteElo "2187"]
[BlackElo "2210"]
[PlyCount "56"]
[EventDate "2006.11.04"]
[EventType "team"]
[EventRounds "9"]
[EventCountry "DEN"]
[Source "ChessBase"]
[SourceDate "2007.02.01"]
[WhiteTeam "Norresundby"]
[BlackTeam "SK 1968"]
[WhiteTeamCountry "DEN"]
[BlackTeamCountry "DEN"]

1. d4 d5 2. c4 Nc6 3. Nc3 Nf6 4. cxd5 Nxd5 5. e4 Nxc3 6. bxc3 e5 7. d5 Nb8 8.
Be2 Bd6 9. Nf3 O-O 10. O-O Nd7 11. Nd2 Nc5 12. Qc2 Bd7 13. Nb3 Qh4 14. Nxc5
Bxc5 15. Bd3 Rae8 16. Re1 f5 17. g3 Qh5 18. exf5 e4 19. Bc4 Bxf5 20. Be3 Bd6
21. Qd1 Bg4 22. Qd2 Rf5 23. h4 Bf3 24. Bf1 Qg4 25. Bg2 Ref8 26. c4 b6 27. Rac1
Rh5 28. Bg5 h6 0-1

[Event "DEN-chT 0607"]
[Site "Denmark"]
[Date "2007.01.28"]
[Round "6.6"]
[White "Hansen, Lars"]
[Black "Sorensen, Bent"]
[Result "0-1"]
[WhiteElo "2217"]
[BlackElo "2220"]
[PlyCount "68"]
[EventDate "2006.11.04"]
[EventType "team"]
[EventRounds "9"]
[EventCountry "DEN"]
[Source "ChessBase"]
[SourceDate "2007.02.01"]
[WhiteTeam "SK 1968"]
[BlackTeam "Norresundby"]
[WhiteTeamCountry "DEN"]
[BlackTeamCountry "DEN"]

1. e4 e6 2. d3 d5 3. Nd2 Nf6 4. Ngf3 Nc6 5. c3 Be7 6. Be2 e5 7. b4 a6 8. O-O
O-O 9. Re1 Re8 10. Qc2 h6 11. Bb2 Bf8 12. a3 Be6 13. Rad1 Nd7 14. exd5 Bxd5 15.
c4 Be6 16. b5 axb5 17. cxb5 Nd4 18. Nxd4 exd4 19. Bf3 Nc5 20. Re5 Qd6 21. Rh5
Rad8 22. Nc4 Qf4 23. Bc1 Qf6 24. Nd2 b6 25. Ne4 Nxe4 26. Bxe4 Bg4 27. Rh3 Bxh3
28. gxh3 Bd6 29. Kh1 Re5 30. Rg1 Rh5 31. Qe2 Rxh3 32. Rg2 Qh4 33. f4 Bxf4 34.
Bb2 Re3 0-1